Tìm hiểu Luật bầu cử đại biểu Hội đồng nhân dân

Saved in:
Bibliographic Details
Format: Book
Language:Undetermined
Published: Thành phố Hồ Chí Minh Nhà xuất bản Thành phố Hồ Chí Minh 2004
Subjects:
Tags: Add Tag
No Tags, Be the first to tag this record!
Institutions: Trung tâm Học liệu Trường Đại học Cần Thơ
LEADER 00594nam a2200181Ia 4500
001 CTU_92949
008 210402s9999 xx 000 0 und d
020 |c 4000 
082 |a 342.59709 
082 |b T310 
245 0 |a Tìm hiểu Luật bầu cử đại biểu Hội đồng nhân dân 
260 |a Thành phố Hồ Chí Minh 
260 |b Nhà xuất bản Thành phố Hồ Chí Minh 
260 |c 2004 
650 |a Local governement 
650 |x Law and legislation 
904 |i Minh, QHieu 
980 |a Trung tâm Học liệu Trường Đại học Cần Thơ